Statistics for Biggest English Cities by Century

Click here to take the quiz!

General Stats

  • This quiz has been taken 30,837 times
  • The average score is 7 of 12

Answer Stats

City % Correct
London
100%
Manchester
96%
Liverpool
89%
Birmingham
86%
Leeds
73%
York
63%
Bristol
53%
Sheffield
48%
Norwich
31%
Winchester
19%
Coventry
18%
Lincoln
15%

Score Distribution

Percentile by Number Answered

Percent of People with Each Score

Your Score History

You have not taken this quiz